| 000 | 00911nam a2200253 a 4500 | ||
|---|---|---|---|
| 001 | 24747 | ||
| 003 | CO-ViMGA | ||
| 005 | 20230915232016.0 | ||
| 008 | 141112s2004 ck r 000 u spa d | ||
| 020 | _a9788479039721 | ||
| 040 |
_aCO-ViMGA _bspa _cCO-ViMGA |
||
| 082 | 0 | 4 | _a612.664 M15 |
| 110 |
_aAsociación Española de Pediatría _936950 |
||
| 245 | 1 | 0 |
_aManual de lactancia materna / _cJosefa Aguayo Maldonado ... [et al.]. |
| 260 |
_aMadrid : _bEditorial Médica PanAméricana, _c2008. |
||
| 300 | _axx, 474 p. : il. ; 24 cm. | ||
| 504 | _aIncluye bibliografías e índice. | ||
| 650 | 1 | 4 |
_aLactancia - Manuales _936951 |
| 650 | 1 | 4 |
_aLeche materna para humanos _936952 |
| 700 | 1 |
_aAguayo Maldonado, Josefa. _936953 |
|
| 942 |
_2ddc _cBK |
||
| 949 | _an n | ||
| 999 |
_c32550 _d32550 |
||